000 00647nam a2200241Ia 4500
003 OSt
005 20221005085951.0
006 a|||||r|||| 00| 0
007 ta
008 221004b |||||||| |||| 00| 0 eng d
024 _a73999
037 _cTextual
040 _aCRL
_cCRL
_beng
041 _2eng
_aeng
082 _aO111,3L89,PR, K2
100 _aCooper James Fenimore
245 0 _aPrairie a Tale
260 _aNew York
_bHolt Rinchart and Winston USA
_c1962
300 _a453p.
_ccm.
650 _aENGLISH LITERATURE
942 _hO111,3L89,PR, K2
_cTEXL
_2cc
999 _c995071
_d995071